000 00807nam a22002057a 4500
008 090305t xxu||||| |||| 00| 0 eng d
010 _aENG-93073
020 _c165.00
_a9788172764173
035 _aEN-76606
037 _bDBAD / PUB
040 _adpl
_bEnglish
082 _a174.2
100 _aParameshvara, V.
245 _aMedicine:
_cby V. Parameshvara
_bethics and practice /
260 _aMumbai
_bBharatiya Vidya Bhavan
_c2008
270 _aKulapathi Munshi Marg,
_bMumbai
_e400007
300 _a378p.
_c22cm (pbk)
942 _2ddc
_cEN
_mPAR
_h174.2
999 _c24874
_d24874